Pokémon - Les attaques de Taupiqueur d'Alola - Statistiques

Statistiques générales
  • Ce quiz a été pris 12 fois
  • Le résultat moyen est 9 sur 13
Statistiques - réponses
Niveaux Types Noms des attaques % Correct
Niveau 40 Sol Séisme
100%
Niveau 32 Sol Tunnel
89%
Niveau 12 Sol Coud'Boue
78%
Niveau 24 Acier Tête de Fer
78%
Niveau 44 Sol Abîme
67%
Départ Acier Griffe Acier
67%
Départ Sol Jet de Sable
67%
Niveau 16 Sol Piétisol
67%
Niveau 4 Normal Rugissement
67%
Niveau 20 Ténèbres Coup Bas
56%
Niveau 8 Spectre Étonnement
56%
Niveau 36 Sol Telluriforce
56%
Niveau 28 Roche Tempête de Sable
56%
Aucun quiz correspondant
Distribution des résultats
% des personnes avec chaque résultat
Percentile par nombre de réponses
Votre historique - résultats
Vous n’avez pas pris ce quiz